A "lingua Latiná"-tól a Magyar Jogi Lexikon megjelenéséig a magyar nyelvű jogi terminológia kialakulásának története /

After the foundation of the state the official and written language of statecraft and law was Latin. Hungarian terminology was late appear, though basisc formulas were long present in our language, mainly from the oral litigation. Native legal language gaine new momentum due to the Enlightenment. Th...

Teljes leírás

Elmentve itt :
Bibliográfiai részletek
Szerző: Szabadfalvi József
Dokumentumtípus: Cikk
Megjelent: 2021
Sorozat:Acta Universitatis Szegediensis : forum : acta juridica et politica 11 No. 4
Kulcsszavak:Jogi szaknyelv, Jogtudomány
Tárgyszavak:
Online Access:http://acta.bibl.u-szeged.hu/77775
LEADER 01865nab a2200229 i 4500
001 acta77775
005 20221209141037.0
008 221209s2021 hu o 0|| hun d
022 |a 2063-2525 
040 |a SZTE Egyetemi Kiadványok Repozitórium  |b hun 
041 |a hun 
041 |a eng 
100 1 |a Szabadfalvi József 
245 1 2 |a A "lingua Latiná"-tól a Magyar Jogi Lexikon megjelenéséig   |h [elektronikus dokumentum] :  |b a magyar nyelvű jogi terminológia kialakulásának története /  |c  Szabadfalvi József 
260 |c 2021 
300 |a 293-322 
490 0 |a Acta Universitatis Szegediensis : forum : acta juridica et politica  |v 11 No. 4 
520 3 |a After the foundation of the state the official and written language of statecraft and law was Latin. Hungarian terminology was late appear, though basisc formulas were long present in our language, mainly from the oral litigation. Native legal language gaine new momentum due to the Enlightenment. This process coincided with the neologism, the „codification” of the Hungarian literary and public dialect. Introducing native language terminology meant the development of Hungarian vocabulary and the elimination of alien expressions. Unification of Hungarian terminology was advanced by the publication of more then thirty legal vocabulary, officer’s dictionary, glossary and other works developing Hungarian legal words. Development of legal terminology was not only the precondition of turning into a nation, but social, economic and political modernization was also establihed by the modern legal life and vocabulary and conceptually, was developed to the early 20th century in Hungary. 
650 4 |a Társadalomtudományok 
650 4 |a Jogtudomány 
695 |a Jogi szaknyelv, Jogtudomány 
856 4 0 |u http://acta.bibl.u-szeged.hu/77775/1/juridpol_forum_011_004_293-322.pdf  |z Dokumentum-elérés